Responses for Show #8649 - Thursday, May 26, 2022

Ryan Long game 10.

Contestants

[<< previous game]

John Seroff, a performing arts publicist from Brooklyn, New York

Tory Waltrip, a senior account manager from Seattle, Washington

Ryan Long, a rideshare driver from Philadelphia, Pennsylvania (whose 9-day cash winnings total $173,301)

[next game >>]

Jeopardy! Round responses

THE UNITED NATIONS
THAT'S MY BOY!
LET'S COUNTY UP THAT STATE
AVIATORS
THE SILENT CONSONANT IN...
SNEAKERS WITH JACQUES SLADE
(Jacques: I'm Jacques Slade. I built a collection of hundreds of pairs of sneakers and I'll help you get your kicks with clues about some of the classics.)
    $200 28
peace

John
    $200 5
Donald

Ryan
    $200 1
Arizona

Tory
    $200 23
Earhart

Ryan
    $200 17
(Mayim: Yes, in knife.)

K

John
    $200 18
(Tory: What is Air Force One?)
(John: What are Jordans?)

Air Jordans (Air Jordan 1)

RyanToryJohn
    $400 21
Switzerland

Ryan
    $400 6
Martin Sheen

Tory
    $400 10
Georgia

Ryan
    $400 15
a hot air balloon

John
    $400 16
(Mayim: Yes, for Wednesday.)

D

Ryan
    $400 13
Sean Penn

Ryan
    $1,000 19
(Ryan: Oh... what is... Chinese?)

Arabic

Ryan
    $600 7
Goldie Hawn

Ryan
    $600 29
(Ryan: What is Florida?)
...
[The end-of-round signal sounds.]

Kansas

Ryan
Triple Stumper
    $600 24
(Mayim: We have less than a minute.)

(Arnold) Palmer

Tory
    $600 2
(Ryan: What is a psalm?)
...
(Mayim: That's the silent letter in hymn.)

N

Ryan
Triple Stumper
    $600 12
Run-DMC

John
    $800 20
the secretary general

Triple Stumper
    $800 8
Anne Bancroft

Ryan
    $800 26
a glider

John
    $800 11
(Ryan: What is numb?)
...
(Mayim: Yes, [*], the silent letter in numb.)

B

RyanTory
    $800 3
Puma

Tory
    $1000 22
UNESCO

John
    $1000 9
George C. Scott

Ryan
    $1000 25
(Ryan: Uh, what is Washington?)
(John: What is Michigan?)
...
(Mayim: Faulkner fans would know that's [*].)

Mississippi

RyanJohn
Triple Stumper
    $1000 27
ailerons

Triple Stumper
    $1000 14
(Mayim: [*] in Pterodactyl.)

P

Ryan
    $1000 4
Reebok

John

Scores at the first commercial break (after clue 14):

Ryan Tory John
$3,000 $2,200 $1,600

Scores at the end of the Jeopardy! Round:

Ryan Tory John
$1,600 $2,600 $3,000

Double Jeopardy! Round responses

HISTORIA ESPAÑOLA
ALLUSIONS OF GRANDEUR
NUMERICAL BOOK TITLES
MOVIE CO-STARS
BIG ANIMALS
ENDS IN "ETTE"
    $400 24
(Mayim: Yes, less than a minute.)

truffle

John
    $400 14
(John: What is [**]?)

The Hundred and One Dalmatians (101 Dalmatians)

John
    $400 8
(Mayim: And you ran that category.)
[Applause]

Leonardo DiCaprio & Kate Winslet

Ryan
    $400 2
an elephant

John
    $800 28
(Tory: What is Catalan?)
...
[The end-of-round signal sounds.]

the Basques

Tory
Triple Stumper
    $800 1
Pullman

John
    $800 9
(Hercule) Poirot

Ryan
    $800 4
Amy Poehler

Ryan
    $800 3
ligers

Ryan
    $800 26
Gazette

Ryan
    $1200 18
Florida

Tory
    $1200 19
(John: Who is Tiffany?)

Pierre Cartier

John
Triple Stumper
    $1200 10
Around the World in Eighty Days

John
    $1200 5
Paul Newman & Robert Redford

Ryan
    $1200 11
hands

Ryan
    $1200 17
a vignette

Ryan
    $1600 27
Sahara

Triple Stumper
    $4,000 22
(John: Mm...)

Babylon

John
    $1600 12
(Amy) Tan

Ryan
    $1600 6
Vince Vaughn

Ryan
    $1600 16
an anaconda

Tory
    $1600 20
a layette

Triple Stumper
    $2000 25
Aragon

Triple Stumper
    $2000 23
(Mayim: New word for me--[*].)

sybaritic

Triple Stumper
    $2,000 13
(Ryan: [Exhales] Um... I don't have it. I don't know.)

2001: A Space Odyssey

Ryan
    $2000 7
Samuel L. Jackson

Ryan
    $2000 15
(Ryan: What is a squid?)

whale

Ryan
Triple Stumper
    $2000 21
[Mayim: corrects John's pronunciation of "PLAN-kette" to "PLON-chette".]

a planchette

John

Scores at the end of the Double Jeopardy! Round:

Ryan Tory John
$10,000 $4,600 $3,000
(lock game)

[wagering suggestions for these scores]

Final Jeopardy! Round responses

HISTORIC GEOGRAPHY
(John: That's my hometown.)
[Laughter]
JohnWhat is Greenbrier + Tennessee
$0
ToryWhat are the Black Adriatic & Caspian Seas?
$2,000
RyanWhat are North & Baltic?
$0
the Baltic & Adriatic Seas

Final scores:

Ryan Tory John
$10,000 $2,600 $3,000
10-day champion: $183,301 3rd place: $1,000 2nd place: $2,000

Game dynamics:

Coryat scores:

Ryan Tory John
$13,000 $4,600 $7,000
22 R,
7 W
(including 2 DDs)
7 R,
2 W
13 R,
4 W
(including 1 DD)

Combined Coryat: $24,600

[game clues] [game scores] [suggest correction]

Game tape date: 2022-03-31
The J! Archive is created by fans, for fans. Scraping, republication, monetization, and malicious use prohibited; this site may use cookies and collect identifying information. See terms. The Jeopardy! game show and all elements thereof, including but not limited to copyright and trademark thereto, are the property of Jeopardy Productions, Inc. and are protected under law. This website is not affiliated with, sponsored by, or operated by Jeopardy Productions, Inc. Join the discussion at JBoard.tv.